000 00344nam a22001337a 4500
005 20200622125235.0
008 200620b xxu||||| |||| 00| 0 eng d
082 _a345.5412 ICC-E
245 _aEASTERN - INDIA- CRIMINAL CASES- 2019 [VOL-4]
260 _aALLAHABAD
_bRAJPAL AND COMPANY
300 _a600;p
650 _aLAW
_95701
942 _cJRL
999 _c7358
_d7356